Largest cities in Thailand - Statistics

General Stats
  • This quiz has been taken 104 times
  • The average score is 3 of 5
Answer Stats
Answer % Correct
Bangkok
96%
Chiang Mai
74%
Hat Yai
33%
Nakhon Ratchasima
27%
Udon Thani
22%
No matching quizzes found
Score Distribution
Percent of People with Each Score
Percentile by Number Answered
Your Score History
You have not taken this quiz